00647nam a22001817a 450000500170000001000150001702000260003203500140005803700130007208200080008510000160009324501520010925000190026126000420028027000970032230000310041970000150045020190712121146.0 aENG-125889 a9789353165888c295.00 aEN-109421 bDBAD/PUB a480 aGyan Singh  aEnglilsh language and pedagogy :cbyGyan Singh [and] Om Prakashbsubject-wise magical series based on the latest pattern of CTET/TET examinations / aSecond Edition aChennaibMC Graw-Hill Educationc2017 a444/1, Sri Ekambara Naicker Industrial Estate, Alapakkam, PorurbTamil Nadu, Chennaie600116 avarious paging.c23cm(pbk) aOm Prakash